| 000 | 00603nam a2200193 a 4500 | ||
|---|---|---|---|
| 001 | 000008121 | ||
| 005 | 20200929154438.0 | ||
| 008 | 090915s1990 dr a 001 0 spa d | ||
| 040 | _aDO-SdBNP | ||
| 082 |
_axxx _cG643b |
||
| 100 | 1 |
_aGonzález Mercado, Telésfora _d1955 _922044 |
|
| 245 | 1 | 3 |
_aEl bosque agonizante / _cTelésforo González Mercado. |
| 260 |
_aSanto Domingo, : _bCenapec, _c1990. |
||
| 300 |
_a82 p. : _bil ; _c22 cm. |
||
| 500 | _aIncluye datos biográficos | ||
| 504 | _aIncluye referencias bibliográficas [p. 79-80] | ||
| 700 | 1 |
_aDelgado, María L. _epról. _922045 |
|
| 049 | _aBNPD | ||
| 999 |
_c7898 _d7898 |
||